Electrical measurements & measuring Instruments (Record no. 4936)

MARC details
000 -LEADER
fixed length control field 00444nam a22001697a 4500
005 - DATE AND TIME OF LATEST TRANSACTION
control field 20160630141209.0
008 - FIXED-LENGTH DATA ELEMENTS--GENERAL INFORMATION
fixed length control field 160630b xxu||||| |||| 00| 0 eng d
020 ## - INTERNATIONAL STANDARD BOOK NUMBER
ISBN 978-81-219-2963-9
041 ## - LANGUAGE CODE
Language code of text/sound track or separate title eng
082 ## - DEWEY DECIMAL CLASSIFICATION NUMBER
Item number 19859
100 ## - MAIN ENTRY--AUTHOR NAME
Personal name Rajput, R K
245 ## - TITLE STATEMENT
Title Electrical measurements & measuring Instruments
260 ## - PUBLICATION, DISTRIBUTION, ETC. (IMPRINT)
Place of publication New Delhi
Name of publisher Sultan Chand & Sons,
Year of publication 2014
300 ## - PHYSICAL DESCRIPTION
Number of Pages 764
650 ## - SUBJECT ADDED ENTRY--TOPICAL TERM
Topical Term Diploma Engineering
942 ## - ADDED ENTRY ELEMENTS (KOHA)
Koha item type Books
Holdings
Lost status Damaged status Home library Current library Shelving location Date acquired Cost, normal purchase price Full call number Accession Number Koha item type Collection code
    JRU Library   SHELF-38-K 30/06/2016 550.00 19859 19859 Books  
    JRU Library   SHELF-38-K 30/06/2016 550.00 19859 19860 Books  
    JRU Library   SHELF-72-B 30/06/2016 550.00 19859 19861 Books Reference
    JRU Library   SHELF-38-K 30/06/2016 550.00 19859 19862 Books  
    JRU Library   SHELF-38-K 30/06/2016 550.00 19859 19863 Books  
    JRU Library   SHELF-38-K 30/06/2016 550.00 19859 19864 Books  
    JRU Library   SHELF-38-K 30/06/2016 550.00 19859 19865 Books  
    JRU Library   SHELF-38-K 30/06/2016 550.00 19859 19866 Books  
    JRU Library   SHELF-38-K 30/06/2016 550.00 19859 19867 Books  
    JRU Library   SHELF-38-K 30/06/2016 550.00 19859 19868 Books  
    JRU Library   SHELF-38-K 30/06/2016 550.00 19859 19869 Books  
    JRU Library   SHELF-38-K 30/06/2016 550.00 19859 19870 Books  
    JRU Library   SHELF-38-K 30/06/2016 550.00 19859 19871 Books  
    JRU Library   SHELF-38-K 30/06/2016 550.00 19859 19872 Books  
    JRU Library   SHELF-38-K 30/06/2016 550.00 19859 19873 Books